| 000 | 00686nam a2200193 i 4500 | ||
|---|---|---|---|
| 001 | 64822 | ||
| 003 | ES-MaACL | ||
| 005 | 20230906165224.0 | ||
| 007 | t| | ||
| 008 | 040105s1949 sp ||||1| spa d | ||
| 100 | 1 |
_aFouque, Agustín. _951948 |
|
| 245 | 1 | 3 |
_aEl tratado de comercio mexicano-americano _b: (guión para una revisón equitativa) / _cAgustín Fouque. |
| 260 |
_aMéxico : _bE.D.I.A.P.S.A, _c1949 ( _fLa Carpeta) |
||
| 300 |
_aXXIV, 196 p. ; _c20 cm. |
||
| 490 | 1 | _aTemas económicos y políticos contemporáneos de México | |
| 830 | 0 |
_aTemas económicos y políticos contemporáneos de México _9183752 |
|
| 852 |
_aES-MaACL _jD-8256 _bR.33035 |
||
| 999 |
_c64822 _d64822 |
||